000 00281nam a2200121Ia 4500
005 20251222143108.0
008 251222s9999||||xx |||||||||||||| ||spa||
082 _a726.6/F93
100 _aFulcanelli
245 0 _aEl Misterio de las Catedrales
264 _bRotativa
942 _cLIB
999 _c11046
_d11046